History Quiz

Random History or Biography Quiz

Historical Figures by One-Word Hints III Quiz Stats

Quiz Updated Nov 12, 2015

Challenge
Share
Tweet
Embed
Score 0/30 Timer 08:00
1 Play Today
% Correct
Alexander Graham Bell
96.3%
Anne Frank
95.6%
Richard Nixon
95.1%
Rosa Parks
93.5%
Florence Nightingale
88.7%
Pythagoras
87.9%
Amelia Earhart
86.1%
Louis Pasteur
84.8%
Marie Tussaud
84.3%
Alexander the Great
82.9%
Jane Austen
81.2%
Susan B. Anthony
78.7%
Wolfgang Amadeus Mozart
77.9%
Harriet Tubman
77.4%
Leonardo Fibonacci
74.2%
% Correct
Jack Kevorkian
71.7%
Jonas Salk
71.4%
Andrew Jackson
70.8%
Friedrich Nietzsche
69.4%
Guglielmo Marconi
67.9%
Niels Bohr
67.8%
Tenzing Norgay
67.1%
César Chávez
66.4%
William Bligh
65.8%
Leonardo da Vinci
61.2%
Mansa Musa
59.2%
Wernher von Braun
56.7%
George H. W. Bush
55.9%
Margaret Mead
53%
Ada Lovelace
36.7%

You're not logged in!

Compare scores with friends on all Sporcle quizzes.
Join for Free
OR
Log In

You Might Also Like...

Show Comments

Extras

Top Quizzes Today


Score Distribution

Your Account Isn't Verified!

In order to create a playlist on Sporcle, you need to verify the email address you used during registration. Go to your Sporcle Settings to finish the process.

Report this User

Report this user for behavior that violates our Community Guidelines.

Details: